|
|
|
|
| LEADER |
00000nam0a2200000 4500 |
| 001 |
46370 |
| 005 |
20231031024553.0 |
| 010 |
|
|
|a 593108021X
|
| 035 |
|
|
|a (RuTPU)RU\TPU\book\48366
|
| 090 |
|
|
|a 46370
|
| 100 |
|
|
|a 20030113d2002 k y0rusy50 ca
|
| 101 |
0 |
|
|a rus
|
| 102 |
|
|
|a RU
|
| 105 |
|
|
|a a z 001zy
|
| 200 |
1 |
|
|a Новый класс фрактальных функций в задачах анализа и синтеза антенн
|f В. Ф. Кравченко, В. М. Масюк
|
| 210 |
|
|
|a Москва
|c ИПРЖР
|d 2002
|
| 215 |
|
|
|a 72 с.
|c ил.
|
| 225 |
1 |
|
|a Современные методы аппроксимации в теории антенн
|v Кн. 3
|
| 320 |
|
|
|a Библиогр.: с. 72
|
| 610 |
1 |
|
|a радиотехника
|
| 610 |
1 |
|
|a антенны
|
| 610 |
1 |
|
|a антенные решетки
|
| 610 |
1 |
|
|a фракталы
|
| 610 |
1 |
|
|a фрактальные функции
|
| 610 |
1 |
|
|a атомарные функции
|
| 610 |
1 |
|
|a вейвлеты
|
| 675 |
|
|
|a 621.396.67:51
|v 3
|
| 700 |
|
1 |
|a Кравченко
|b В. Ф.
|g Виктор Филиппович
|
| 701 |
|
1 |
|a Масюк
|b В. М.
|g Владимир Михайлович
|
| 801 |
|
1 |
|a RU
|b 63413507
|c 20030113
|g PSBO
|
| 801 |
|
2 |
|a RU
|b 63413507
|c 20030220
|g PSBO
|
| 942 |
|
|
|c BK
|